Wychavon District Council v Rafferty and others (Record no. 77091)

MARC details
000 -LEADER
fixed length control field 01817cab a2200217 4500
001 - CONTROL NUMBER
control field ##L133584
008 - FIXED-LENGTH DATA ELEMENTS--GENERAL INFORMATION
fixed length control field 060522n2006 000 0 eng u
035 ## - SYSTEM CONTROL NUMBER
System control number (Sirsi) u133584
041 0# - LANGUAGE CODE
Language code of text/sound track or separate title eng
245 00 - TITLE STATEMENT
Title Wychavon District Council v Rafferty and others
260 ## - PUBLICATION, DISTRIBUTION, ETC.
Date of publication, distribution, etc. 2006
520 ## - SUMMARY, ETC.
Summary, etc. [2006] EWCA Civ 628, 27 April 2006. Considers whether an injunction preventing a family of Romany gypsies from stationing their caravans on land should be varied or not. Appeal by R against a decision refusing to amend an injunction obtained by W. R had applied for planning permission to use the land to station a number of mobile homes and caravans after an injunction had been obtained to restrain him from doing this. R lodged an appeal when the application was turned down, contending that the judge been mistaken in not varying the injunction by following "Mid-Bedfordshire DC v Brown"([2004] EWCA Civ 1709, unreported) which could be distinguished factually from the instant case and by not appreciating the merits of the planning appeal. "Held": appeal dismissed. It was of no consequence that the facts of "Mid-Bedfordshire DC v Brown" were distinguishable from the facts in the instant case. The principle of the above case applied. There was nothing perverse in the judge's assessment of the planning appeal which he deemed to have no real prospect of success.
590 ## - LOCAL NOTE (RLIN)
Local note IKA230506
650 24 - SUBJECT ADDED ENTRY--TOPICAL TERM
Topical term or geographic name entry element WYCHAVON DC V RAFFERTY AND OTHERS
650 24 - SUBJECT ADDED ENTRY--TOPICAL TERM
Topical term or geographic name entry element SOUTH BUCKS DC V PORTER
650 24 - SUBJECT ADDED ENTRY--TOPICAL TERM
Topical term or geographic name entry element MID BEDFORDSHIRE DC V BROWN
651 #4 - SUBJECT ADDED ENTRY--GEOGRAPHIC NAME
Geographic name England and Wales
Chronological subdivision 1543-
690 ## - LOCAL SUBJECT ADDED ENTRY--TOPICAL TERM (OCLC, RLIN)
Topical term or geographic name as entry element ENVIRONMENTAL AND LAND CONSULTANCY-PLANNING AND DEVELOPMENT-DEVELOPMENT CONTROL-PLANNING ENFORCEMENT
856 40 - ELECTRONIC LOCATION AND ACCESS
Uniform Resource Identifier <a href="https://www.bailii.org/ew/cases/EWCA/Civ/2006/628.html">https://www.bailii.org/ew/cases/EWCA/Civ/2006/628.html</a>
Public note View the judgment free of charge at www.bailii.org...
942 ## - ADDED ENTRY ELEMENTS (KOHA)
Suppress in OPAC 0
Holdings
Withdrawn status Lost status Source of classification or shelving scheme Damaged status Not for loan Home library Current library Shelving location Date acquired Total Checkouts Full call number Barcode Date last seen Copy number Price effective from Koha item type
    Dewey Decimal Classification     Virtual Virtual Online 22/05/2006   ONLINE PUBLICATION 133584-2001 06/08/2019 1 06/08/2019 Law report